| 000 | 01562nam a2200313 a 4500 | ||
|---|---|---|---|
| 999 |
_c326352 _d326352 |
||
| 003 | BLK | ||
| 005 | 20240313161415.0 | ||
| 008 | 181115b bu ||||| |||| 00| 0 bu d | ||
| 020 | _a978-954-474-795-4 | ||
| 040 | _aBLK | ||
| 041 |
_aBUL _cBUL |
||
| 080 |
_aВъзпитание у дома. Семейно възпитание _b37.018.1 _z37.018.1 |
||
| 080 |
_aОбразование и развитие на личността _b37.032 _z37.032 |
||
| 100 |
_aОпенхаймер, Шарифа _eпърви автор _91299 |
||
| 139 |
_aОпенхаймер, Шарифа _bО 60 |
||
| 245 |
_a Рай на земята : Валдорфската педагогика у дома и изграждането на семейна култура _cШарифа Опенхаймер ; прев. от англ. Ирина Манушева |
||
| 257 | _aUSA | ||
| 260 |
_9209528 _aСофия _bКибеа _c2018 _fСофия : Ифо Дизайн |
||
| 300 |
_a376 с. _bс ил. _c20 см |
||
| 380 | _a3 | ||
| 490 |
_9201222 _aСерия Познай себе си |
||
| 500 | _aОриг. загл.: Heaven on earth / Sharifa Oppenheimer. - Сведения за авт. отговорност отбелязани на гърба на предзагл. с. - Библиогр.: с. 371-372 | ||
| 650 | 0 |
_9263959 _aСемейно възпитание |
|
| 700 |
_aМанушева, Ирина Борисова _9368041 |
||
| 852 |
_aЦб 291474 _bЦб |
||
| 942 |
_cKNG _n0 _08 |
||
| 999 | _d326352 | ||
| 944 |
_k30531 _lЦветелина Шанова |
||